| 000 | 00620cam a22002171 4500 | ||
|---|---|---|---|
| 001 | he 68001079 | ||
| 003 | DLC | ||
| 005 | 20260227111457.0 | ||
| 008 | 880511s1967 is a j 000 1 heb | ||
| 010 | _ahe 68001079 | ||
| 035 | _a(OCoLC)17939461 | ||
| 040 |
_aDLC _cTxU _dTxU _dDLC |
||
| 042 | _apremarc | ||
| 050 | 0 | 0 |
_aPZ90.H3 _bO412 |
| 100 | 1 |
_aʻOmer, Devorah, _d1932- |
|
| 245 | 1 | 0 |
_aMasaʻ le-erets ha-geshem. _cKatvah Devorah ʻOmer. Tsilem Barukh Raviv. |
| 260 |
_a[Tel-Aviv] _bMasadah _c[1967] |
||
| 300 |
_a[60] p. _billus. _c25 x 26 cm. |
||
| 500 | _aVocalized. | ||
| 700 | 1 |
_aRaviv, Baruch, _d1935- , _eillus. |
|
| 999 |
_c33191 _d33191 |
||